Dredging : a handbook for engineers / (Record no. 3470)

000 -LEADER
fixed length control field 00405nam a22001577a 4500
008 - FIXED-LENGTH DATA ELEMENTS--GENERAL INFORMATION
fixed length control field 200616b ||||| |||| 00| 0 eng d
020 ## - INTERNATIONAL STANDARD BOOK NUMBER
International Standard Book Number 9780340545249
082 00 - DEWEY DECIMAL CLASSIFICATION NUMBER
Classification number 627.73
Item number B8271
100 ## - MAIN ENTRY--PERSONAL NAME
9 (RLIN) 2859
Personal name Bray, R. N.
245 10 - TITLE STATEMENT
Title Dredging : a handbook for engineers /
250 ## - EDITION STATEMENT
Edition statement 2nd ed.
260 ## - PUBLICATION, DISTRIBUTION, ETC. (IMPRINT)
Place of publication, distribution, etc London :
Name of publisher, distributor, etc Arnold,
Date of publication, distribution, etc 1997.
300 ## - PHYSICAL DESCRIPTION
Extent xii, 434 p.
650 #0 - SUBJECT ADDED ENTRY--TOPICAL TERM
Topical term or geographic name as entry element Dredging
942 ## - ADDED ENTRY ELEMENTS (KOHA)
Item type Books
Holdings
Withdrawn status Lost status Source of classification or shelving scheme Damaged status Not for loan Permanent location Current location Date acquired Source of acquisition Full call number Barcode Date last seen Cost, replacement price Koha item type
          IMU Kolkata IMU Kolkata 1998-01-23 Shankars Book Agency 627.73 B8271 08824 2020-06-16 4056.00 Books
Designed and Maintained by IMU-KC Library, Kolkata Campus © Copyright All Rights Reserved

webs counters

Powered by Koha